Languages by Letter A-Z - Statistics

General Stats
  • This quiz has been taken 92 times
  • The average score is 19 of 26
Answer Stats
Letter Sample Text Answer % Correct
E Your job is to identify the language of this text! English
98%
F Votre travail consiste à identifier la langue de ce texte ! French
94%
R Ваша задача определить язык этого текста! Russian
93%
D Din opgave er at identificere sproget i denne tekst! Danish
92%
J あなたの仕事は、このテキストの言語を識別することです! Japanese
92%
K 당신의 임무는 이 텍스트의 언어를 식별하는 것입니다! Korean
89%
H आपका काम इस पाठ की भाषा की पहचान करना है! Hindi
86%
P Twoim zadaniem jest zidentyfikowanie języka tego tekstu! Polish
82%
V Công việc của bạn là xác định ngôn ngữ của văn bản này! Vietnamese
82%
B আপনার কাজ এই লেখার ভাষা শনাক্ত করা! Bengali
80%
N Din jobb er å identifisere språket i denne teksten! Norwegian
80%
S Ваш посао је да идентификујете језик овог текста! Serbian
78%
L ວຽກຂອງເຈົ້າຄືການລະບຸພາສາຂອງຂໍ້ຄວາມນີ້! Lao
76%
Z Umsebenzi wakho ukukhomba ulimi lwalo mbhalo! Zulu
75%
T Senin görevin bu metnin dilini belirlemek! Turkish
74%
C Vaš zadatak je prepoznati jezik ovog teksta! Croatian
73%
Y דיין אַרבעט איז צו ידענטיפיצירן די שפּראַך פון דעם טעקסט! Yiddish
71%
A የእርስዎ ተግባር የዚህን ጽሑፍ ቋንቋ መለየት ነው! Amharic
64%
Q ¡Llamkayniykiqa kay qillqasqapa siminta riqsichiymi! Quechua
64%
W Eich gwaith chi yw nodi iaith y testun hwn! Welsh
64%
X Umsebenzi wakho kukuchonga ulwimi lwesi sicatshulwa! Xhosa
60%
I Tugas Anda adalah mengidentifikasi bahasa teks ini! Indonesian
59%
U Sizning vazifangiz bu matnning tilini aniqlashdir! Uzbek
53%
G તમારું કામ આ લખાણની ભાષા ઓળખવાનું છે! Gujarati
52%
O ତୁମର କାମ ହେଉଛି ଏହି ପାଠ୍ୟର ଭାଷା ଚିହ୍ନିବା! Odia
27%
M Ny asanao dia ny mamantatra ny fitenin'ity lahatsoratra ity! Malagasy
25%
No matching quizzes found
Score Distribution
Percent of People with Each Score
Percentile by Number Answered
Your Score History
You have not taken this quiz